Liedtext - Hier sind wir - Die Prinzen - Statistiken

Allgemein
  • Dieses Quiz wurde 15 mal gespielt
  • Das Durchschnittsergebnis liegt bei 419 aus 607
Antwortstatistiken
Antwort % Korrekt
Ab
100%
bis
100%
da
100%
Da
100%
den
100%
der
100%
die
100%
Die
100%
"Du
100%
er
100%
Er
100%
Hier
100%
"Hier
100%
hier
100%
in
100%
sie
100%
sind
100%
Sind
100%
und
100%
Und
100%
wir
100%
wir!
100%
Wir
100%
an
91%
Dann
91%
dann
91%
das
91%
"Das
91%
haben
91%
ich
91%
mit
91%
mit:
91%
noch
91%
war
91%
War
91%
wollen
91%
zu
91%
aus
82%
bin
82%
dem
82%
es
82%
Es
82%
ist
82%
nicht
82%
Oh
82%
uns
82%
Uns
82%
waren
82%
was
82%
"Was
82%
Was
82%
wie
82%
am
73%
auf
73%
dich
73%
dieses
73%
dir
73%
einen
73%
im
73%
ja
73%
kann
73%
mal!"
73%
mal
73%
mal:
73%
nur
73%
schon
73%
von
73%
vor
73%
weg
73%
werden
73%
diesen
64%
Doch
64%
doch
64%
gibt
64%
hat
64%
ihr
64%
immer
64%
keine
64%
Lied
64%
mir
64%
muss
64%
nach
64%
oder
64%
sagen
64%
soll
64%
Wenn
64%
will
64%
Zeit
64%
bleiben
55%
Durch
55%
einem
55%
eins
55%
hören
55%
Jeder
55%
jeder
55%
kam
55%
machen
55%
raus
55%
sagt
55%
sagte:
55%
sagte
55%
sagten:
55%
seid
55%
Tür
55%
zum
55%
Ali
45%
Aus'm
45%
dafür
45%
Dreck
45%
Dreck?
45%
erst
45%
Fahrt
45%
Fragen
45%
glauben
45%
kamen
45%
Karre
45%
Karre?
45%
keiner
45%
Mann
45%
nem
45%
'nem
45%
neuen
45%
Sache
45%
Sache?
45%
schreiben"
45%
seinem
45%
sich
45%
singen
45%
überrollen
45%
viert
45%
Weil
45%
welche
45%
welchem
45%
allen
36%
als
36%
anders
36%
dazu
36%
Ende
36%
ganz
36%
gern
36%
Jahr
36%
Jens
36%
lange
36%
leben
36%
lieber
36%
machte
36%
Matthias
36%
'nen
36%
nun
36%
passiert"
36%
passiert:
36%
Refrain
36%
sang
36%
Text
36%
vertreiben
36%
wurde
36%
Zweck?"
36%
alten
27%
bekannten
27%
bitte
27%
Chef
27%
Chor
27%
"Damit
27%
egal
27%
eh
27%
eng
27%
euch
27%
gespannt
27%
ging
27%
heut
27%
jemand
27%
Klavier
27%
komponiert
27%
kriegten
27%
Land
27%
landen
27%
leicht
27%
leise
27%
Leuten
27%
Ohr
27%
Peng
27%
Plattenboss
27%
Plötzlich
27%
Prinzen-Hit
27%
Riesenhit
27%
rüber
27%
rumdiskutiert
27%
sangen
27%
Schreck
27%
setzte
27%
Singt's
27%
Sondern
27%
spielte
27%
still"
27%
tut
27%
unaufgefordert
27%
unserem
27%
verschiedenen
27%
verstanden
27%
bedeuten?"
18%
bisschen
18%
charmant
18%
dabei
18%
einfach
18%
euren
18%
Fangt
18%
freien
18%
frustriert
18%
Gefallen
18%
geht
18%
geht's
18%
habt
18%
Karten
18%
kunstvoll
18%
Satzgesang
18%
scheiße
18%
schicken
18%
singen's
18%
Stifte
18%
suchen
18%
tolerant
18%
umrahmt
18%
versteht
18%
Wahl
18%
wissen
18%
zücken
18%
Zusammenhang
18%
Augenblicken
9%
Bericht
9%
Gedanken
9%
gefällt
9%
ob's
9%
Tja
9%
wachen
9%
warten
9%
zwar
9%
Keine übereinstimmenden Quizze gefunden
Verteilung der Resultate
Anzahl Personen mit jedem Resultat
Perzentil nach korrekt beantworteten Fragen
Ihre Resultats-Entwicklung
Sie haben dieses Quiz noch nicht gespielt